=LDR 00000nam 2200000 4500 =001 INLIS000000000029141 =005 20200702085557 =035 ##$$a 0010-061300000029141 =008 200702################g##########0#ind## =041 ##$$a Ind =082 ##$$a 2x5.4 =090 ##$$a 2x5.4, Sup d =100 ##$$a Suparno, M. Imran =245 1#$$a Doa dalam hadis /$c M. Imron Suparno =260 ##$$a Gresik :$b Putra Pelajar,$c 1999 =300 ##$$a xiv, 374 hlm, ; $c 20 x 14 cm =650 #4$$a Doa dan Wirid =850 ##$$a NBPNMAT =084 ##$$a 2x5.4 SUP d =990 ##$$a 20800311 =990 ##$$a 20800308